000 00492nam a2200181Ia 4500
001 18922
005 20260306171706.0
008 260306s9999||||xx |||||||||||||| ||und||
041 _aESP
082 _a658.562
_bG72
100 _aGonzález Ortiz, Óscar Claret
_eAUT
245 0 _aSistemas de gestión de calidad:
_bteoria y práctica bajo la norma ISO 2015
260 _c2016
300 _axxiii, 334 páginas :
_c24 cm.
650 _aGEN
654 _aCAN
942 _cLIB
_dJUS
_fJUS
_2ddc
_n
999 _c18922
_d18922